00797nam a22001697a 4500003000900000008004100009040007100050082002200121100002900143245009300172260003600265300005600301505023500357650001000592650001200602650001300614AR-CdUCM190405b ||||| |||| 00| 0 spa d aMUNICIPALIDAD PROVINCIAL DEL CUSCOcBIBLIOTECA MUNICIPAL DEL CUSCO a614 /bR94 / 1923 aRuibal Salaberry, Manuel aHigiene publica ingeniería sanitaria :bSus complementos para la previsión social /  aBuenos Aires :bGleizer,c1923. a178 páginas ;c21 cm.bLaminas de reconocimiento, aContenido : Las medidas de saneamiento general en la profilaxis de la tuberculosis -- Complementos sanitarios que le falta a la higiene publica, por sus antecedentes, para la profilaxis nacional con sus proyectos y fundamentos ... aSalud aPublica aCiencias